[Event "0MCR_3DE_1L_2S"]
[Site "?"]
[Date "2003.??.??"]
[Round "?"]
[White "Hnilicka, Michal"]
[Black "Strnad, Jiri"]
[Result "1/2-1/2"]
[WhiteElo "2090"]
[BlackElo "2180"]
[PlyCount "48"]
[EventDate "2003.??.??"]
[EventType "corr"]
[EventRounds "2"]
[SourceDate "2004.06.03"]

1. e4 e5 2. Nf3 Nc6 3. Bc4 Nf6 4. d4 exd4 5. e5 d5 6. Bb5 Ne4 7. Nxd4 Bd7 8.
Bxc6 bxc6 9. O-O Bc5 10. f3 Ng5 11. Be3 Bb6 12. Qd2 Ne6 13. Nc3 Nxd4 14. Bxd4
c5 15. Bf2 c6 16. Qf4 Qe7 17. Na4 O-O 18. Bh4 Qe6 19. Bf2 Qe7 20. Bh4 Qe6 21.
Bf2 Qe7 22. Bh4 Qe6 23. Bf2 Qe7 24. Bh4 Qe6 1/2-1/2

[Event "0MCR_3DE_1L_2S"]
[Site "?"]
[Date "2003.??.??"]
[Round "?"]
[White "Hnilicka, Michal"]
[Black "Svrsek, Radomir"]
[Result "0-1"]
[WhiteElo "2090"]
[BlackElo "2230"]
[PlyCount "110"]
[EventDate "2003.??.??"]
[EventType "corr"]
[EventRounds "2"]
[SourceDate "2004.06.03"]

1. e4 c6 2. d4 d5 3. exd5 cxd5 4. c3 Nc6 5. Nf3 Nf6 6. Bf4 e6 7. Bd3 Nh5 8. Be3
Qc7 9. O-O Nf4 10. Bc2 Bd6 11. g3 Ng6 12. Nbd2 O-O 13. Re1 a6 14. a3 Re8 15. c4
b5 16. c5 Be7 17. b4 Bf6 18. Nb3 Bb7 19. Bg5 Bxg5 20. Nxg5 Nf8 21. Qd3 h6 22.
Nf3 f6 23. Nh4 Rad8 24. f4 g5 25. fxg5 hxg5 26. Nf3 Qg7 27. Qe3 Nh7 28. Re2 g4
29. Nh4 Ng5 30. Bg6 Rf8 31. Rf1 Ne5 32. Bc2 Nc4 33. Qc1 f5 34. Bd3 Bc6 35. Ng2
e5 36. Kh1 Nf3 37. Bc2 Rd7 38. h4 f4 39. Rd1 Qh8 40. dxe5 fxg3 41. Nd4 Rg7 42.
Nxc6 Nxh4 43. Nxh4 Qxh4+ 44. Kg1 Rf2 45. Rxf2 gxf2+ 46. Kf1 Qh3+ 47. Kxf2 g3+
48. Ke1 Qh1+ 49. Ke2 Qg2+ 50. Kd3 Qf3+ 51. Kd4 Rg4+ 52. Qf4 Rxf4+ 53. Be4 Qxe4+
54. Kc3 Rf3+ 55. Rd3 Qxd3# 0-1

[Event "0MCR_3DE_1L_2S"]
[Site "?"]
[Date "2003.??.??"]
[Round "?"]
[White "Kuta, Jiri"]
[Black "Bucek, Jiri"]
[Result "1/2-1/2"]
[WhiteElo "2305"]
[BlackElo "2300"]
[PlyCount "46"]
[EventDate "2003.??.??"]
[EventType "corr"]
[EventRounds "2"]
[SourceDate "2004.06.03"]

1. d4 Nf6 2. c4 e6 3. Nf3 b6 4. a3 Bb7 5. Nc3 d5 6. Bg5 Be7 7. Qa4+ Bc6 8. Qb3
dxc4 9. Qxc4 O-O 10. Bxf6 Bxf6 11. e4 a6 12. Rd1 b5 13. Qd3 g6 14. Be2 Bg7 15.
O-O Qe7 16. b4 Nd7 17. Qe3 Bb7 18. Rfe1 c6 19. e5 a5 20. Rb1 axb4 21. axb4 Nb6
22. Qd2 Ra3 23. Ne4 Rfa8 1/2-1/2

[Event "0MCR_3DE_1L_2S"]
[Site "?"]
[Date "2003.??.??"]
[Round "?"]
[White "Kuta, Jiri"]
[Black "Hlavac, Frantisek"]
[Result "1/2-1/2"]
[WhiteElo "2305"]
[BlackElo "2405"]
[PlyCount "71"]
[EventDate "2003.??.??"]
[EventType "corr"]
[EventRounds "2"]
[SourceDate "2004.06.03"]

1. d4 Nf6 2. c4 c5 3. d5 b5 4. Nf3 g6 5. cxb5 a6 6. b6 Qxb6 7. Nc3 d6 8. Nd2
Bg7 9. e4 Nbd7 10. Be2 O-O 11. Nc4 Qc7 12. Bf4 Nb6 13. Ne3 Bd7 14. a4 a5 15.
O-O Rfb8 16. Qc2 Qb7 17. Rab1 Ne8 18. b3 Nc7 19. Qd2 Qc8 20. Rfc1 Qf8 21. Nc4
Nxc4 22. Bxc4 Na6 23. Re1 Nb4 24. Rbc1 Rb6 25. e5 Rd8 26. Ne4 Bf5 27. Qe3 dxe5
28. Qxc5 Rb7 29. Bd2 Bxe4 30. Rxe4 e6 31. Bxb4 Rxb4 32. Qxf8+ Kxf8 33. dxe6
fxe6 34. f3 Kf7 35. Rc2 Rd4 36. Re3 1/2-1/2

[Event "0MCR_3DE_1L_2S"]
[Site "?"]
[Date "2003.??.??"]
[Round "?"]
[White "Kuta, Jiri"]
[Black "Hnilicka, Michal"]
[Result "1/2-1/2"]
[WhiteElo "2305"]
[BlackElo "2090"]
[PlyCount "98"]
[EventDate "2003.??.??"]
[EventType "corr"]
[EventRounds "2"]
[SourceDate "2004.06.03"]

1. d4 d5 2. c4 e6 3. Nc3 c5 4. cxd5 exd5 5. Nf3 Nc6 6. g3 Nf6 7. Bg2 Be7 8. O-O
O-O 9. dxc5 Bxc5 10. a3 d4 11. Na4 Be7 12. b4 Bg4 13. Bb2 Qd7 14. Nxd4 Nxd4 15.
Bxd4 Rad8 16. Bc5 Qb5 17. Qc2 Bxc5 18. Nxc5 b6 19. Ne4 Nxe4 20. Bxe4 g6 21.
Rfe1 Rd6 22. Rad1 Rxd1 23. Qxd1 Qg5 24. Bf3 Rd8 25. Qc2 Bxf3 26. exf3 Qf6 27.
Kg2 a6 28. a4 Kg7 29. Re4 Rd4 30. Rxd4 Qxd4 31. Qe4 Qd6 32. Qc4 Qd2 33. b5 axb5
34. axb5 Qd6 35. h4 Kf8 36. Qe4 Qc5 37. Qd3 Ke7 38. Qb3 Qd4 39. g4 Kf8 40. Qc2
Kg7 41. Qe4 Qc5 42. Qd3 Qe5 43. g5 Qc5 44. Kg3 Qc7+ 45. f4 h5 46. Qd4+ Kh7 47.
Qf6 Qd7 48. f3 Qc7 49. Qd4 Kg8 1/2-1/2

[Event "0MCR_3DE_1L_2S"]
[Site "?"]
[Date "2003.??.??"]
[Round "?"]
[White "Kuta, Jiri"]
[Black "Necesany, Zdenek"]
[Result "1/2-1/2"]
[WhiteElo "2305"]
[BlackElo "2215"]
[PlyCount "78"]
[EventDate "2003.??.??"]
[EventType "corr"]
[EventRounds "2"]
[SourceDate "2004.06.03"]

1. d4 Nf6 2. c4 e6 3. Nf3 b6 4. a3 Bb7 5. Nc3 d5 6. Qc2 Be7 7. cxd5 exd5 8. Bg5
Nbd7 9. e3 O-O 10. Be2 c5 11. O-O Ne4 12. Bxe7 Qxe7 13. dxc5 Nxc3 14. Qxc3 bxc5
15. Rfe1 Rfd8 16. Rac1 Rab8 17. b3 Ba8 18. Nd2 Rb6 19. Bd3 Ne5 20. Bf5 Rf6 21.
Bb1 Rc6 22. f4 Ng4 23. Bf5 Nf6 24. e4 d4 25. Qh3 g6 26. e5 Nd5 27. Be4 Ra6 28.
Qf3 Re6 29. f5 gxf5 30. Qxf5 Rh6 31. g3 Ne3 32. Qf4 Re6 33. Bxa8 Rxa8 34. b4
Rxe5 35. Nf3 Re4 36. Qg5+ Qxg5 37. Nxg5 Ree8 38. bxc5 d3 39. Nf3 Nc2 1/2-1/2

[Event "0MCR_3DE_1L_2S"]
[Site "?"]
[Date "2003.??.??"]
[Round "?"]
[White "Kuta, Jiri"]
[Black "Pravec, Ladislav"]
[Result "0-1"]
[WhiteElo "2305"]
[BlackElo "2265"]
[PlyCount "88"]
[EventDate "2003.??.??"]
[EventType "corr"]
[EventRounds "2"]
[SourceDate "2004.06.03"]

1. d4 Nf6 2. c4 g6 3. Nc3 Bg7 4. e4 d6 5. f3 O-O 6. Be3 c5 7. Nge2 b6 8. d5
Nbd7 9. Ng3 a6 10. Be2 Rb8 11. a4 Ne8 12. Qd2 e5 13. O-O Qc7 14. Bg5 Bf6 15. f4
exf4 16. Bxf6 Nexf6 17. Qxf4 Ne8 18. Rf2 Ne5 19. Qh4 Rb7 20. Raf1 Kg7 21. Qg5
Qe7 22. Nh5+ Kh8 23. Nf6 Nxf6 24. Rxf6 Rg8 25. h4 Kg7 26. g4 h6 27. Qf4 Rh8 28.
g5 hxg5 29. Qxg5 Kf8 30. Nd1 Rh7 31. Ne3 Bh3 32. R1f4 Bd7 33. Kf1 Rb8 34. h5
Bh3+ 35. Ke1 gxh5 36. Nf5 Bxf5 37. Qxf5 Kg8 38. Kd1 Ng6 39. Rf1 h4 40. Bh5 Ne5
41. Rg1+ Kh8 42. b3 b5 43. cxb5 axb5 44. a5 c4 0-1

[Event "0MCR_3DE_1L_2S"]
[Site "?"]
[Date "2003.??.??"]
[Round "?"]
[White "Kuta, Jiri"]
[Black "Strnad, Jiri"]
[Result "1-0"]
[WhiteElo "2305"]
[BlackElo "2180"]
[PlyCount "85"]
[EventDate "2003.??.??"]
[EventType "corr"]
[EventRounds "2"]
[SourceDate "2004.06.03"]

1. d4 d5 2. c4 e6 3. Nf3 Nf6 4. Nc3 c6 5. e3 Nbd7 6. Bd3 dxc4 7. Bxc4 b5 8. Bd3
Bb7 9. e4 b4 10. Na4 c5 11. e5 Nd5 12. O-O h6 13. Bd2 Rc8 14. Rc1 cxd4 15. Nxd4
Rxc1 16. Qxc1 Nxe5 17. Bb5+ Nd7 18. Nc6 Qc7 19. Nxa7 Bd6 20. Qxc7 Nxc7 21. Rc1
b3 22. axb3 Nxb5 23. Nxb5 Bb8 24. Bb4 Kd8 25. Nd6 Bxd6 26. Bxd6 h5 27. b4 Rh6
28. Nc5 Bd5 29. b5 Rg6 30. g3 e5 31. Nxd7 e4 32. Nb6 Rxd6 33. Rd1 Rxb6 34.
Rxd5+ Kc7 35. Rxh5 Re6 36. Kf1 Kb6 37. Ke2 g6 38. Rd5 Rf6 39. Re5 Rd6 40. Rxe4
Kxb5 41. Rf4 Rd7 42. h4 Rb7 43. g4 1-0

[Event "0MCR_3DE_1L_2S"]
[Site "?"]
[Date "2003.??.??"]
[Round "?"]
[White "Kuta, Jiri"]
[Black "Svrsek, Radomir"]
[Result "1-0"]
[WhiteElo "2305"]
[BlackElo "2230"]
[PlyCount "77"]
[EventDate "2003.??.??"]
[EventType "corr"]
[EventRounds "2"]
[SourceDate "2004.06.03"]

1. d4 Nf6 2. c4 e6 3. Nf3 b6 4. a3 Bb7 5. Nc3 Be7 6. d5 O-O 7. e4 d6 8. Be2 c6
9. O-O Na6 10. Nd4 cxd5 11. exd5 Nc7 12. Nc6 Bxc6 13. dxc6 d5 14. cxd5 Ncxd5
15. Nxd5 Nxd5 16. Qc2 Qc7 17. Bd2 Rfd8 18. b4 a6 19. Rac1 a5 20. Rb1 axb4 21.
axb4 Ra3 22. b5 Rda8 23. Bd3 h6 24. Bc4 Nf6 25. Bc1 R3a4 26. g3 Bd6 27. Kg2 Be5
28. Rd1 Qe7 29. Be3 Bc7 30. Rbc1 Qf8 31. Bd4 Ne8 32. Ra1 Rxa1 33. Bxa1 Qc5 34.
Bd4 Qe7 35. Bb2 Nd6 36. Be5 Nxc4 37. Bxc7 Qc5 38. Qb3 Qxb5 39. Qxb5 1-0

[Event "0MCR_3DE_1L_2S"]
[Site "?"]
[Date "2003.??.??"]
[Round "?"]
[White "Necesany, Zdenek"]
[Black "Bucek, Jiri"]
[Result "0-1"]
[WhiteElo "2215"]
[BlackElo "2300"]
[PlyCount "92"]
[EventDate "2003.??.??"]
[EventType "corr"]
[EventRounds "2"]
[SourceDate "2004.06.03"]

1. e4 e5 2. Nf3 Nc6 3. Bb5 a6 4. Ba4 Be7 5. Qe2 b5 6. Bb3 Nf6 7. c3 d5 8. d3
O-O 9. Bg5 dxe4 10. dxe4 Na5 11. Bc2 Nh5 12. Bc1 Qd6 13. O-O Qf6 14. a4 Bg4 15.
axb5 axb5 16. Qxb5 Bxf3 17. gxf3 c6 18. Qe2 Nb3 19. Rxa8 Nxc1 20. Rxf8+ Bxf8
21. Rxc1 Qg5+ 22. Kf1 Qxc1+ 23. Qd1 Qxb2 24. Bb3 Qa1 25. Qc2 Qa7 26. Qa2 Qd7
27. Nd2 Nf4 28. Bc4 g6 29. Ke1 Kg7 30. Qa6 Bc5 31. Nb3 Be7 32. Nc1 Bg5 33. Nd3
Nxd3+ 34. Bxd3 Bf4 35. h3 Kh6 36. Ke2 Kg5 37. Qa1 Kh4 38. Bc4 Qd2+ 39. Kf1 Kxh3
40. Kg1 Bh2+ 41. Kh1 Qxf2 42. Qf1+ Qxf1+ 43. Bxf1+ Kg3 44. Bc4 Kxf3 45. Bxf7
Kxe4 46. Bg8 Kf3 0-1

[Event "0MCR_3DE_1L_2S"]
[Site "?"]
[Date "2003.??.??"]
[Round "?"]
[White "Necesany, Zdenek"]
[Black "Hlavac, Frantisek"]
[Result "1-0"]
[WhiteElo "2215"]
[BlackElo "2405"]
[PlyCount "81"]
[EventDate "2003.??.??"]
[EventType "corr"]
[EventRounds "2"]
[SourceDate "2004.06.03"]

1. d4 Nf6 2. c4 c5 3. d5 e6 4. Nc3 exd5 5. cxd5 g6 6. e4 d6 7. f4 Bg7 8. Bb5+
Nfd7 9. a4 O-O 10. Nf3 Na6 11. O-O Nc7 12. Bc4 Nb6 13. Ba2 Bg4 14. h3 Bxf3 15.
Qxf3 a6 16. e5 dxe5 17. f5 Ne8 18. Be3 Rc8 19. d6 gxf5 20. Qxf5 Nxd6 21. Qh5 c4
22. Rad1 f5 23. a5 Na8 24. Bg5 Qe8 25. Qh4 Nb5 26. Bxc4+ Kh8 27. Nxb5 axb5 28.
Bd5 Qg6 29. Be7 Bf6 30. Bxf6+ Qxf6 31. Qxf6+ Rxf6 32. Bxb7 Rcf8 33. Bxa8 Rxa8
34. b4 Re8 35. Rd5 f4 36. Rxb5 e4 37. Rc5 e3 38. Rfc1 Rd6 39. Kf1 Kg7 40. b5
Rd2 41. b6 1-0

[Event "0MCR_3DE_1L_2S"]
[Site "?"]
[Date "2003.??.??"]
[Round "?"]
[White "Necesany, Zdenek"]
[Black "Hnilicka, Michal"]
[Result "0-1"]
[WhiteElo "2215"]
[BlackElo "2090"]
[PlyCount "72"]
[EventDate "2003.??.??"]
[EventType "corr"]
[EventRounds "2"]
[SourceDate "2004.06.03"]

1. e4 e5 2. Nf3 Nf6 3. Nxe5 d6 4. Nf3 Nxe4 5. d3 Nf6 6. d4 Be7 7. Bd3 Bg4 8.
O-O O-O 9. h3 Bh5 10. c4 d5 11. c5 Nc6 12. Be3 Ne4 13. Na3 Bf6 14. Nc2 b6 15.
Bb5 Na5 16. cxb6 axb6 17. Re1 Nc4 18. g4 Bg6 19. Bxc4 dxc4 20. a3 c3 21. b4 Qd6
22. Kg2 h6 23. Qe2 Qd5 24. Bf4 Rfe8 25. Ne3 Qb7 26. Kg1 c5 27. bxc5 bxc5 28.
Rab1 Qa7 29. Rbd1 cxd4 30. Nd5 Qb7 31. Nxf6+ Nxf6 32. Ne5 Qd5 33. Bg3 d3 34.
Qe3 Rac8 35. Qf4 d2 36. Rf1 Bc2 0-1

[Event "0MCR_3DE_1L_2S"]
[Site "?"]
[Date "2003.??.??"]
[Round "?"]
[White "Necesany, Zdenek"]
[Black "Kuta, Jiri"]
[Result "1/2-1/2"]
[WhiteElo "2215"]
[BlackElo "2305"]
[PlyCount "78"]
[EventDate "2003.??.??"]
[EventType "corr"]
[EventRounds "2"]
[SourceDate "2004.06.03"]

1. e4 c5 2. Nc3 Nc6 3. Nf3 Nf6 4. Bb5 Qc7 5. O-O Nd4 6. Re1 a6 7. Bc4 d6 8. h3
e6 9. a4 Be7 10. d3 O-O 11. Bf4 Nd7 12. Nxd4 cxd4 13. Ne2 e5 14. Bd2 Nc5 15.
Ng3 Be6 16. a5 Rad8 17. Bd5 Bxd5 18. exd5 f5 19. b4 Nd7 20. Rc1 b6 21. c4 bxa5
22. bxa5 Rc8 23. Rb1 Nc5 24. Bb4 f4 25. Nf1 f3 26. g3 Bd8 27. Kh2 Qf7 28. Bxc5
Rxc5 29. Nd2 Bxa5 30. Ne4 Bxe1 31. Qxe1 Qc7 32. Qb4 a5 33. Qa4 h6 34. Nxc5 Qxc5
35. Qd7 Kh8 36. Rb5 Qa3 37. Rb7 Rg8 38. Qf5 Qa2 39. Qxf3 e4 1/2-1/2

[Event "0MCR_3DE_1L_2S"]
[Site "?"]
[Date "2003.??.??"]
[Round "?"]
[White "Necesany, Zdenek"]
[Black "Pravec, Ladislav"]
[Result "1/2-1/2"]
[WhiteElo "2215"]
[BlackElo "2265"]
[PlyCount "227"]
[EventDate "2003.??.??"]
[EventType "corr"]
[EventRounds "2"]
[SourceDate "2004.06.03"]

1. e4 c5 2. Nf3 Nc6 3. d4 cxd4 4. Nxd4 Nf6 5. Nc3 d6 6. Bg5 e6 7. Qd2 Be7 8.
O-O-O O-O 9. Nb3 a6 10. Bxf6 gxf6 11. Qh6 Kh8 12. Qh5 Rg8 13. Qxf7 Rg6 14. f4
Bd7 15. Rd3 Bf8 16. Rg3 Ne7 17. Be2 Bh6 18. Kb1 Qf8 19. Qxf8+ Rxf8 20. Rxg6
hxg6 21. g3 e5 22. Rd1 exf4 23. Rxd6 Bc8 24. Nc5 f5 25. Ne6 Re8 26. Nxf4 Bxf4
27. gxf4 fxe4 28. Rd4 Bf5 29. Rd6 Nc8 30. Rd4 Ne7 31. Rd6 Nc8 32. Rd5 Kg7 33.
Re5 Rxe5 34. fxe5 Nb6 35. Bf1 Kf7 36. Bg2 e3 37. Kc1 Ke6 38. b4 Kxe5 39. Bxb7
Bc8 40. Bxc8 Nxc8 41. Kd1 Kd4 42. Ne2+ Ke4 43. c4 g5 44. Kc2 Nb6 45. c5 Nd5 46.
a3 Nf4 47. c6 Nd5 48. Nc3+ Kf3 49. Nxd5 e2 50. c7 e1=Q 51. c8=Q Qe4+ 52. Kc1
Qxd5 53. Qxa6 Ke3 54. Qb6+ Kf4 55. Qf2+ Kg4 56. Qe2+ Kh3 57. Qe3+ Kg4 58. h3+
Kh4 59. Kb2 Qg2+ 60. Kc3 Qa2 61. Kd4 Qf7 62. Qd3 Qf6+ 63. Kc4 Qf7+ 64. Kc3 Qf6+
65. Kb3 Qf7+ 66. Qc4+ Qf4 67. Qc8 Qf3+ 68. Ka4 Qd1+ 69. Ka5 Qd5+ 70. b5 Qd2+
71. Ka4 Qd4+ 72. Kb3 Qd1+ 73. Kb4 Qd6+ 74. Kc4 Qf4+ 75. Kb3 Qf3+ 76. Qc3 Qd1+
77. Kb4 Qd6+ 78. Ka5 Qd5 79. a4 Qa8+ 80. Kb4 Qf8+ 81. Kb3 Qf5 82. Ka3 Qd5 83.
b6 g4 84. hxg4 Qd6+ 85. Qb4 Qg3+ 86. Ka2 Qf2+ 87. Kb1 Qf1+ 88. Kc2 Qf2+ 89. Qd2
Qc5+ 90. Kd3 Qxb6 91. Qf4 Qb3+ 92. Ke2 Qe6+ 93. Kf1 Qa6+ 94. Kg1 Qe6 95. g5+
Kh5 96. Kf2 Qb6+ 97. Qe3 Qc7 98. Qh3+ Kg6 99. Qh6+ Kf5 100. Qf6+ Kg4 101. Qf3+
Kh4 102. Qf5 Qb6+ 103. Kf1 Qa6+ 104. Qb5 Qe6 105. a5 Qh3+ 106. Ke2 Qg4+ 107.
Ke1 Qg3+ 108. Kd1 Qf3+ 109. Kc2 Qe4+ 110. Kc3 Qe1+ 111. Kd4 Qg1+ 112. Kd5 Qxg5+
113. Kc6 Qf6+ 114. Kb7 1/2-1/2

[Event "0MCR_3DE_1L_2S"]
[Site "?"]
[Date "2003.??.??"]
[Round "?"]
[White "Necesany, Zdenek"]
[Black "Strnad, Jiri"]
[Result "1-0"]
[WhiteElo "2215"]
[BlackElo "2180"]
[PlyCount "155"]
[EventDate "2003.??.??"]
[EventType "corr"]
[EventRounds "2"]
[SourceDate "2004.06.03"]

1. e4 e5 2. Nf3 Nc6 3. Bb5 a6 4. Ba4 Nf6 5. O-O Bc5 6. d3 d6 7. h3 O-O 8. c3
Ne7 9. d4 Ba7 10. Re1 Ng6 11. Bb3 Re8 12. Nbd2 b5 13. Bc2 c5 14. d5 c4 15. Nf1
a5 16. Ng3 a4 17. a3 Bc5 18. Bg5 h6 19. Be3 Bd7 20. Qd2 Qb6 21. Rf1 Bxe3 22.
fxe3 h5 23. Rf2 Rab8 24. Qe2 Re7 25. Raf1 h4 26. Nf5 Bxf5 27. exf5 Nf8 28. e4
Ree8 29. Nxh4 Qd8 30. g3 N8d7 31. Nf3 Kh7 32. Ng5+ Kg8 33. h4 Nc5 34. g4 Nfd7
35. Nf3 f6 36. g5 Kf7 37. g6+ Ke7 38. h5 Rh8 39. Rh2 Qg8 40. Kg2 Kd8 41. Rfh1
Rh6 42. Rh4 Kc7 43. Nh2 Rh8 44. Ng4 Qf8 45. Kf1 Qe7 46. h6 Rbg8 47. Qe3 gxh6
48. Nxh6 Rg7 49. Nf7 Rxh4 50. Rxh4 Rxf7 51. gxf7 Qxf7 52. Qh6 Qg8 53. Qg6 Qf8
54. Rh7 Qd8 55. Rf7 Qh8 56. Qh7 Qxh7 57. Rxh7 Kb7 58. Kf2 Kc7 59. Ke3 Kd8 60.
Bd1 Nd3 61. Be2 Nf4 62. Rh8+ Kc7 63. Bh5 Nc5 64. Be8 Ng2+ 65. Kf2 Nf4 66. Kf3
Nb3 67. Bxb5 Nd2+ 68. Ke3 Nf1+ 69. Kf2 Nd2 70. Bxa4 Nxe4+ 71. Ke3 Ng5 72. Bc6
Ng2+ 73. Kf2 Nf4 74. a4 Ne4+ 75. Ke3 Ng3 76. a5 Nxf5+ 77. Kd2 Ne7 78. Rh7 1-0

[Event "0MCR_3DE_1L_2S"]
[Site "?"]
[Date "2003.??.??"]
[Round "?"]
[White "Necesany, Zdenek"]
[Black "Svrsek, Radomir"]
[Result "1/2-1/2"]
[WhiteElo "2215"]
[BlackElo "2230"]
[PlyCount "167"]
[EventDate "2003.??.??"]
[EventType "corr"]
[EventRounds "2"]
[SourceDate "2004.06.03"]

1. e4 e6 2. d4 d5 3. exd5 exd5 4. Nf3 Nf6 5. Bd3 Be7 6. O-O O-O 7. Bg5 Nbd7 8.
Re1 Re8 9. Nbd2 c5 10. c3 c4 11. Bc2 Bd6 12. Rxe8+ Qxe8 13. Qf1 h6 14. Bh4 Qd8
15. Qe2 Qb6 16. Nf1 Nh5 17. g3 Nhf6 18. Ne3 g5 19. Nxg5 hxg5 20. Bxg5 Bf8 21.
Re1 a5 22. Bf5 Qc6 23. Qf3 a4 24. Qf4 Bg7 25. Nc2 Qb6 26. Nb4 Qd8 27. Re3 Nb6
28. Rf3 Bxf5 29. Qxf5 Nbd7 30. Nxd5 Ra6 31. Re3 Kf8 32. Ne7 Ra5 33. d5 Rc5 34.
Re1 a3 35. Bf4 Qxe7 36. Rxe7 Kxe7 37. bxa3 Nxd5 38. Qe4+ Kd8 39. Bd6 N7f6 40.
Qd4 Rc6 41. Be5 Kc8 42. g4 Nc7 43. h4 Ne6 44. Qa7 Nd8 45. g5 Ne8 46. Bxg7 Nxg7
47. f4 f6 48. Kf2 fxg5 49. hxg5 Rc7 50. Qa8+ Kd7 51. Qa5 Nde6 52. f5 Nc5 53. f6
Nge6 54. f7 Ke7 55. g6 Rc8 56. Qb5 Rf8 57. Qxc4 Kf6 58. Qg4 Nd3+ 59. Ke3 Ne5
60. Qb4 Nxg6 61. Qxb7 Rxf7 62. Qb8 Rc7 63. Qb2 Rc5 64. a4 Ne5 65. Qb4 Ke7 66.
Ke4 Kd6 67. Qb8+ Rc7 68. Qb4+ Nc5+ 69. Ke3 Re7 70. Qf4 Kd5 71. Qg5 Re6 72. a5
Kc6 73. Qg2+ Kb5 74. Qb2+ Kxa5 75. Kd4 Ned3 76. Qb1 Ka4 77. Qc2+ Ka3 78. Kc4
Re8 79. Kd4 Re4+ 80. Kd5 Re5+ 81. Kc4 Re1 82. Qg2 Re8 83. Qc2 Rc8 84. Kd4
1/2-1/2

[Event "0MCR_3DE_1L_2S"]
[Site "?"]
[Date "2003.??.??"]
[Round "?"]
[White "Pravec, Ladislav"]
[Black "Bucek, Jiri"]
[Result "1/2-1/2"]
[WhiteElo "2265"]
[BlackElo "2300"]
[PlyCount "39"]
[EventDate "2003.??.??"]
[EventType "corr"]
[EventRounds "2"]
[SourceDate "2004.06.03"]

1. d4 Nf6 2. c4 g6 3. Nc3 d5 4. cxd5 Nxd5 5. e4 Nxc3 6. bxc3 Bg7 7. Nf3 c5 8.
Rb1 O-O 9. Be2 Nc6 10. d5 Ne5 11. Nxe5 Bxe5 12. Qd2 b6 13. f4 Bg7 14. O-O Bb7
15. Bb2 e6 16. c4 Bxb2 17. Qxb2 Qe7 18. Bf3 Ba6 19. Qc3 exd5 20. exd5 1/2-1/2

[Event "0MCR_3DE_1L_2S"]
[Site "?"]
[Date "2003.??.??"]
[Round "?"]
[White "Pravec, Ladislav"]
[Black "Hlavac, Frantisek"]
[Result "1-0"]
[WhiteElo "2265"]
[BlackElo "2405"]
[PlyCount "105"]
[EventDate "2003.??.??"]
[EventType "corr"]
[EventRounds "2"]
[SourceDate "2004.06.03"]

1. d4 Nf6 2. c4 c5 3. d5 b5 4. cxb5 a6 5. e3 g6 6. Nc3 Bg7 7. e4 d6 8. Nf3 O-O
9. a4 axb5 10. Bxb5 Na6 11. O-O Nb4 12. h3 Ba6 13. Qe2 Qb6 14. Nd2 Bxb5 15.
Nxb5 Rfb8 16. Nc4 Qb7 17. Bd2 Nc2 18. Na5 Qd7 19. Rac1 Nd4 20. Nxd4 cxd4 21. b3
e6 22. Qf3 exd5 23. exd5 Qf5 24. Qxf5 gxf5 25. b4 Ne4 26. Be1 d3 27. Rd1 d2 28.
Bxd2 Nxd2 29. Rxd2 Rxb4 30. Nc6 Rbxa4 31. Ne7+ Kf8 32. Nxf5 Bc3 33. Rd3 Bb4 34.
Rb1 Bc5 35. Rdb3 Re8 36. Rf3 Raa8 37. Rb7 Rab8 38. Rc7 Rbc8 39. Rxc8 Rxc8 40.
Rb3 h5 41. g4 hxg4 42. hxg4 Ra8 43. Kg2 Kg8 44. Rb1 Ra2 45. Kg3 Bxf2+ 46. Kf4
Rd2 47. Rb5 Bc5 48. Kg5 Bd4 49. Nxd6 Kf8 50. Rb8+ Ke7 51. Nf5+ Kd7 52. Rb7+ Kd8
53. Nxd4 1-0

[Event "0MCR_3DE_1L_2S"]
[Site "?"]
[Date "2003.??.??"]
[Round "?"]
[White "Pravec, Ladislav"]
[Black "Hnilicka, Michal"]
[Result "1/2-1/2"]
[WhiteElo "2265"]
[BlackElo "2090"]
[PlyCount "59"]
[EventDate "2003.??.??"]
[EventType "corr"]
[EventRounds "2"]
[SourceDate "2004.06.03"]

1. d4 d5 2. c4 e6 3. Nc3 c5 4. cxd5 exd5 5. Nf3 Nc6 6. g3 Nf6 7. Bg2 Be7 8. O-O
O-O 9. dxc5 Bxc5 10. Bg5 d4 11. Bxf6 Qxf6 12. Nd5 Qd8 13. Nd2 Re8 14. Rc1 Bb6
15. Nc4 Bg4 16. Re1 Ba5 17. Nxa5 Qxa5 18. b4 Nxb4 19. Qxd4 Nxd5 20. Qxg4 Rad8
21. Red1 Nf6 22. Qc4 b5 23. Qc2 h6 24. Bf3 Rxd1+ 25. Rxd1 Rd8 26. Rxd8+ Qxd8
27. Qc5 a6 28. e3 Qf8 29. Qc3 Qd6 30. Qa5 1/2-1/2

[Event "0MCR_3DE_1L_2S"]
[Site "?"]
[Date "2003.??.??"]
[Round "?"]
[White "Pravec, Ladislav"]
[Black "Kuta, Jiri"]
[Result "1-0"]
[WhiteElo "2265"]
[BlackElo "2305"]
[PlyCount "91"]
[EventDate "2003.??.??"]
[EventType "corr"]
[EventRounds "2"]
[SourceDate "2004.06.03"]

1. d4 Nf6 2. c4 e6 3. Nf3 b6 4. g3 Ba6 5. b3 Bb4+ 6. Bd2 Be7 7. Bg2 O-O 8. O-O
d5 9. cxd5 exd5 10. Ne5 Bb7 11. Nc3 Na6 12. Rc1 h6 13. Bf4 c6 14. Re1 Re8 15.
e4 Nc7 16. exd5 cxd5 17. Nd3 Bd6 18. Be5 Rc8 19. Nf4 Qe7 20. a4 Ba3 21. Rc2 Bd6
22. Rce2 Bxe5 23. dxe5 Ne4 24. Bxe4 dxe4 25. Nxe4 Rcd8 26. Nd6 Bf3 27. Qc2 Bxe2
28. Nxe8 Rxe8 29. Rxe2 Ne6 30. Nxe6 Qxe6 31. Qd3 Rc8 32. f4 Rc1+ 33. Kg2 Qc6+
34. Qe4 Qd7 35. f5 Qd1 36. Kh3 Kh8 37. e6 Qf1+ 38. Kg4 fxe6 39. Qxe6 Rc6 40.
Re1 Rxe6 41. Rxf1 Re2 42. h4 Kg8 43. Kh5 Re3 44. g4 Kf7 45. Rc1 Rxb3 46. Rc7+
1-0

[Event "0MCR_3DE_1L_2S"]
[Site "?"]
[Date "2003.??.??"]
[Round "?"]
[White "Pravec, Ladislav"]
[Black "Necesany, Zdenek"]
[Result "1-0"]
[WhiteElo "2265"]
[BlackElo "2215"]
[PlyCount "80"]
[EventDate "2003.??.??"]
[EventType "corr"]
[EventRounds "2"]
[SourceDate "2004.06.03"]

1. d4 d5 2. c4 dxc4 3. e4 e5 4. Nf3 exd4 5. Bxc4 Nc6 6. O-O Be6 7. Bxe6 fxe6 8.
Qb3 Qd7 9. Qxb7 Rb8 10. Qa6 Nf6 11. Nbd2 Bb4 12. Nc4 O-O 13. a3 Bc5 14. Re1 Ng4
15. b4 Bd6 16. Ra2 d3 17. Rd1 Rbd8 18. h3 Nge5 19. Nfxe5 Nxe5 20. Nxe5 Bxe5 21.
Bg5 Qc8 22. Qb5 Bf6 23. Bxf6 gxf6 24. Rxd3 c6 25. Rg3+ Kh8 26. Qc5 Qd7 27. Rc2
Rc8 28. Rcc3 Qd1+ 29. Kh2 Qd7 30. Rcd3 Qb7 31. Rd6 e5 32. Re6 Rf7 33. Rf3 Rg8
34. Rfxf6 Rxf6 35. Qxe5 Rxg2+ 36. Kxg2 Qg7+ 37. Kf1 Rxe6 38. Qxe6 Qc3 39. Qc8+
Kg7 40. Qc7+ Kf8 1-0

[Event "0MCR_3DE_1L_2S"]
[Site "?"]
[Date "2003.??.??"]
[Round "?"]
[White "Pravec, Ladislav"]
[Black "Strnad, Jiri"]
[Result "1-0"]
[WhiteElo "2265"]
[BlackElo "2180"]
[PlyCount "97"]
[EventDate "2003.??.??"]
[EventType "corr"]
[EventRounds "2"]
[SourceDate "2004.06.03"]

1. d4 d5 2. c4 e6 3. Nc3 c6 4. e3 Nf6 5. Nf3 Nbd7 6. Bd3 dxc4 7. Bxc4 b5 8. Bd3
Bb7 9. e4 b4 10. Na4 c5 11. e5 Nd5 12. dxc5 Qa5 13. O-O Rd8 14. Nd4 Bxc5 15.
Nxc5 Qxc5 16. Nb3 Qc7 17. Bg5 Rc8 18. Re1 Nxe5 19. Rc1 Qb8 20. Bb5+ Kf8 21. Nc5
Kg8 22. Qe2 Ng6 23. Nxe6 h6 24. Bd2 Rxc1 25. Bxc1 Qd6 26. Bd3 Qxe6 27. Qxe6
fxe6 28. Bxg6 Ne7 29. Bh5 Bd5 30. Bd2 a5 31. a3 Nc6 32. Be8 Kh7 33. Bxc6 Bxc6
34. axb4 Rd8 35. Bc3 a4 36. Rxe6 Rd1+ 37. Re1 Rxe1+ 38. Bxe1 Kg6 39. f3 Kf5 40.
Kf2 h5 41. Ke3 Bb5 42. g3 Bc6 43. f4 Kg4 44. Kd4 Bf3 45. b5 Kf5 46. Kc5 Ke6 47.
Kb6 Kd7 48. Ka7 g6 49. b6 1-0

[Event "0MCR_3DE_1L_2S"]
[Site "?"]
[Date "2003.??.??"]
[Round "?"]
[White "Pravec, Ladislav"]
[Black "Svrsek, Radomir"]
[Result "1-0"]
[WhiteElo "2265"]
[BlackElo "2230"]
[PlyCount "26"]
[EventDate "2003.??.??"]
[EventType "corr"]
[EventRounds "2"]
[SourceDate "2004.06.03"]

1. d4 Nf6 2. c4 e6 3. Nf3 c6 4. Bg5 h6 5. Bxf6 Qxf6 6. e3 d5 7. Nc3 Nd7 8. Bd3
dxc4 9. Bxc4 Be7 10. Qc2 O-O 11. O-O Rd8 12. Rfd1 Qf5 13. Bd3 Qh3 1-0

[Event "0MCR_3DE_1L_2S"]
[Site "?"]
[Date "2003.??.??"]
[Round "?"]
[White "Strnad, Jiri"]
[Black "Bucek, Jiri"]
[Result "1/2-1/2"]
[WhiteElo "2180"]
[BlackElo "2300"]
[PlyCount "42"]
[EventDate "2003.??.??"]
[EventType "corr"]
[EventRounds "2"]
[SourceDate "2004.06.03"]

1. d4 Nf6 2. c4 e6 3. Nc3 Bb4 4. e3 O-O 5. Bd3 d5 6. Nf3 c5 7. O-O cxd4 8. exd4
dxc4 9. Bxc4 a6 10. a3 Bxc3 11. bxc3 Qc7 12. Ne5 Nbd7 13. Bf4 Nb6 14. Bd3 Nbd5
15. Bd2 Nxc3 16. Qf3 Ncd5 17. Rfc1 Qb6 18. Be3 Qd6 19. a4 Bd7 20. Bh6 Ne7 21.
Bg5 Qxd4 1/2-1/2